El sistema interamericano

Kaydedildi:
Detaylı Bibliyografya
Yazar: Connell-Smith, Gordon (Yazar)
Materyal Türü: Kitap
Dil:İspanyolca
Baskı/Yayın Bilgisi: Ciudad de México Fondo de Cultura Económica 1971
Seri Bilgileri:Política y Derecho
Konular:
Etiketler: Etiketle
Etiket eklenmemiş, İlk siz ekleyin!

MARC

LEADER 00000nam a2200000 a 4500
001 UCT8644
003 CL-VaPUC
008 970326e19710000MX |||||||||||||||||spa|d
082 0 4 |a 327.17  |b CON  |2 21 
100 0 |a Connell-Smith, Gordon  |e author  |9 380509 
245 1 3 |a El sistema interamericano 
300 |a 487 p 
942 |c BK 
945 |d 19970326 00:00:00  |a paguirre 
260 |a Ciudad de México  |b Fondo de Cultura Económica  |c 1971 
650 0 |a Cooperación internacional  |9 255447 
650 0 |a Relaciones Internacionales  |9 255740 
650 0 |a Acuerdos internacionales  |9 337381 
650 7 |a RESOLUCIONES INTERNACIONALES  |2 CL-VaPUC  |9 380510 
650 0 |a Integración regional  |9 376371 
651 0 |a América Latina   |9 255027 
651 0 |a Estados Unidos  |9 255178 
583 |a last modification  |c 19970326 00:00:00  |k Rodrigo Vera 
490 0 |a Política y Derecho 
999 |c 257131  |d 257129 
952 |0 0  |1 0  |4 0  |6 327_170000000000000_CON_1971  |7 0  |8 A  |9 280388  |a BIBDER  |b BIBDER  |d 2019-11-19  |i 1813978  |o 327.17 CON 1971  |p 1813978  |r 2023-01-25  |w 2019-11-19  |y BK  |k DER 
952 |0 0  |1 0  |4 0  |6 327_170000000000000_CON_1971  |7 0  |8 A  |9 280389  |a BIBHIS  |b BIBHIS  |d 2019-11-19  |i 1348116  |o 327.17 CON 1971  |p 1348116  |r 2025-01-20  |w 2019-11-19  |y BK  |k HIS